=LDR 00000nam 2200000 4500 =001 INLIS000000000052170 =005 20180124110405 =035 ##$$a 0010-0118000358 =007 ta =008 180124###########################0###### =020 ##$$a 978-602-317-137-8 =082 ##$$a 372.126 =084 ##$$a 372.126 MUH t =100 #$$a Muhammad Amiin =245 1#$$a Top No#1 Super Intensif US/M 2016 SD/MI Edisi Terlengkap Dan Ter Update /$c Muhammad Amiin =260 ##$$a Surakarta :$b Bisa Publishing,$c 2016 =300 ##$$a 424 hlm. : $b ilus. ; $c 26 cm =650 ##$$a Pendidikan Dasar-Ujian Sekolah =990 ##$$a 18731873 =990 ##$$a 18731873 =990 ##$$a 18731873 =990 ##$$a 18731873 =990 ##$$a 18731873 =990 ##$$a 21707181 =990 ##$$a 01201801873 =990 ##$$a 01201801874 =990 ##$$a 01201801875 =990 ##$$a 01201801876 =990 ##$$a 21707182 =990 ##$$a 01201801873 =990 ##$$a 01201801874 =990 ##$$a 01201801875 =990 ##$$a 21707181 =990 ##$$a 21707183 =990 ##$$a 01201801873 =990 ##$$a 01201801874 =990 ##$$a 21707182 =990 ##$$a 21707181 =990 ##$$a 21707184 =990 ##$$a 01201801873 =990 ##$$a 21707183 =990 ##$$a 21707182 =990 ##$$a 21707181 =990 ##$$a 21707185 =990 ##$$a 21707184 =990 ##$$a 21707183 =990 ##$$a 21707182 =990 ##$$a 21707181